[Event "Windsor NAYCC U16-U18 Girls"]
[Site "Windsor"]
[Date "2016.08.11"]
[Round "9.21"]
[White "Laurrabaquio Ramirez, Itzel Aten"]
[Black "Ding, Kimberly"]
[Result "0-1"]
[WhiteElo "1470"]
[BlackElo "1966"]
[PlyCount "90"]
[EventDate "2016.08.07"]
[EventType "swiss"]
[EventRounds "9"]
[EventCountry "CAN"]
[SourceTitle "EXT 2022"]
[Source "ChessBase"]
[SourceDate "2021.10.06"]
[SourceVersion "1"]
[SourceVersionDate "2021.10.06"]
[SourceQuality "1"]

1. c4 Nf6 2. b3 g6 3. Bb2 Bg7 4. e3 d6 5. f4 e5 6. fxe5 Ng4 7. Be2 h5 8. Nf3 Nxe5 9. Qc1 Bg4 10. 0-0 Nbc6 11. h3 Bxf3 12. Bxf3 Qg5 13. Be2 Nb4 14. Nc3 Nbd3 15. Bxd3 Nxd3 16. Qc2 Nxb2 17. Qxb2 0-0 18. Qc2 Be5 19. Rf3 f5 20. Rd1 Rae8 21. Qd3 Kg7 22. Ne2 Qh6 23. Qb1 c6 24. Rdf1 Bf6 25. Qc1 Re5 26. Qa3 d5 27. Qxa7 Rf7 28. Qa4 dxc4 29. Qxc4 Rd7 30. Rd1 Red5 31. Qc2 h4 32. Rf2 Re5 33. Qc4 Rxe3 34. Nf4 Re4 35. Ne6+ Kh7 36. d4 Re7 37. Nc5 b5 38. Qb4 Re2 39. Rxe2 Rxe2 40. Nd7 Qe3+ 41. Kh1 Be7 42. Qa5 Rxg2 43. Kxg2 Qe2+ 44. Kg1 Qxd1+ 45. Kf2 Qxd4+ 0-1

[Event "North American-ch U20 Girls"]
[Site "Kitchener"]
[Date "2015.07.30"]
[Round "8"]
[White "Ding, Kimberly"]
[Black "Qiao, Cindy"]
[Result "1-0"]
[WhiteElo "1920"]
[BlackElo "1589"]
[PlyCount "135"]
[EventDate "2015.07.26"]
[EventType "swiss"]
[EventRounds "9"]
[EventCountry "CAN"]
[SourceTitle "EXT 2019"]
[Source "ChessBase"]
[SourceDate "2018.10.10"]
[SourceVersion "1"]
[SourceVersionDate "2018.10.10"]
[SourceQuality "1"]

1. e4 e5 2. Nf3 Nc6 3. Bb5 a6 4. Ba4 Nf6 5. 0-0 b5 6. Bb3 Be7 7. Re1 0-0 8. d4 d6 9. c3 exd4 10. Nxd4 Na5 11. Bc2 c5 12. Nf3 Nc4 13. Nbd2 Ne5 14. h3 Bb7 15. Nf1 Qd7 16. Ng3 g6 17. Bf4 Nc4 18. b3 Nb6 19. Qd2 Rfe8 20. Rad1 Rad8 21. Bh6 Kh8 22. Ng5 Kg8 23. Qf4 Qc6 24. Nf5 Nh5 25. Nxe7+ Rxe7 26. Qh4 Ree8 27. Nf3 Nd7 28. Bg5 f6 29. Bh6 Ne5 30. Nh2 Re6 31. Ng4 Rde8 32. f3 R8e7 33. Ne3 Qe8 34. Rf1 g5 35. Qf2 Nf4 36. Nd5 Bxd5 37. exd5 Nxd5 38. Rxd5 Qh5 39. Bf5 Qxh6 40. Bxe6+ Rxe6 41. Rfd1 f5 42. Qd2 Qh4 43. Qf2 Qh6 44. Qg3 Kf7 45. Rf1 f4 46. Qf2 Re7 47. Rfd1 Re6 48. Qc2 Rf6 49. Qd2 Qh4 50. Qe1 Qh6 51. Qe4 Kg7 52. R5d2 c4 53. Qb7+ Rf7 54. Qe4 Rf6 55. Rf1 Qh4 56. Qe1 Qh6 57. Qf2 Rf7 58. Qb6 Rd7 59. Qxa6 Qe6 60. Qxb5 Nd3 61. Kh1 Rc7 62. bxc4 Qe3 63. Qxg5+ Kf7 64. Qf5+ Kg7 65. Qxd3 Rxc4 66. Qxc4 Qxd2 67. Qd4+ Qxd4 68. cxd4 1-0

[Event "North American-ch U20 Girls"]
[Site "Kitchener"]
[Date "2015.07.27"]
[Round "2"]
[White "Yu, Jennifer R"]
[Black "Ding, Kimberly"]
[Result "1-0"]
[WhiteElo "2073"]
[BlackElo "1920"]
[PlyCount "57"]
[EventDate "2015.07.26"]
[EventType "swiss"]
[EventRounds "9"]
[EventCountry "CAN"]
[SourceTitle "EXT 2019"]
[Source "ChessBase"]
[SourceDate "2018.10.10"]
[SourceVersion "1"]
[SourceVersionDate "2018.10.10"]
[SourceQuality "1"]

1. c4 Nf6 2. Nc3 g6 3. g3 Bg7 4. Bg2 0-0 5. d4 d6 6. Nf3 Nbd7 7. 0-0 e5 8. d5 h6 9. e4 Nh5 10. Ne1 Nb6 11. b3 a6 12. Bb2 Qe8 13. Nd3 f5 14. Re1 Qf7 15. c5 Nd7 16. cxd6 cxd6 17. Ba3 Qf6 18. exf5 e4 19. Nxe4 Qxa1 20. Qxa1 Bxa1 21. Rxa1 gxf5 22. Nxd6 Ndf6 23. Nc4 Re8 24. Nb6 Ra7 25. Bc5 Ne4 26. Bd4 Nd6 27. Nxc8 Nxc8 28. Bxa7 Nxa7 29. Nc5 1-0

[Event "Manchester-ch Girls"]
[Site "Manchester"]
[Date "2014.07.20"]
[Round "7.2"]
[White "Gorti, Akshita"]
[Black "Ding, Kimberly"]
[Result "1-0"]
[WhiteElo "1950"]
[BlackElo "1953"]
[PlyCount "77"]
[EventDate "2014.07.17"]
[EventType "tourn"]
[EventRounds "9"]
[EventCountry "USA"]
[SourceTitle "EXT 2015"]
[Source "ChessBase"]
[SourceDate "2014.11.20"]
[SourceVersion "1"]
[SourceVersionDate "2014.11.20"]
[SourceQuality "1"]

1. d4 Nf6 2. c4 g6 3. Nc3 Bg7 4. e4 d6 5. f3 0-0 6. Nge2 Nc6 7. Be3 a6 8. Qd2 Na5 9. Nf4 e6 10. Be2 Nd7 11. b3 Nc6 12. d5 exd5 13. cxd5 Nce5 14. 0-0 h6 15. Nh3 g5 16. f4 gxf4 17. Nxf4 Nf6 18. h3 Kh7 19. Rac1 Qe7 20. Bd3 Bd7 21. Nfe2 Rae8 22. Ng3 Rg8 23. Bb1 Bh8 24. Nf5 Bxf5 25. Rxf5 Rg6 26. Rcf1 Reg8 27. R1f2 Ne8 28. Bd4 f6 29. Qe2 Rg3 30. Kh1 Qg7 31. Qf1 Qf7 32. Ne2 R3g5 33. Be3 Rh5 34. Rxh5 Qxh5 35. Rf5 Qh4 36. Bf2 Qg5 37. Rxg5 hxg5 38. Ng3 g4 39. h4 1-0

[Event "Toronto NAYCC U14 Girls"]
[Site "Toronto"]
[Date "2013.08.16"]
[Round "5"]
[White "Ding, Kimberly"]
[Black "Zhou, Qiyu"]
[Result "0-1"]
[WhiteElo "2012"]
[BlackElo "2119"]
[PlyCount "96"]
[EventDate "2013.08.14"]
[EventType "swiss"]
[EventRounds "9"]
[EventCountry "CAN"]
[SourceTitle "EXT 2022"]
[Source "ChessBase"]
[SourceDate "2021.10.06"]
[SourceVersion "1"]
[SourceVersionDate "2021.10.06"]
[SourceQuality "1"]

1. e4 e5 2. Nf3 Nc6 3. Bb5 a6 4. Ba4 Nf6 5. 0-0 Be7 6. Re1 b5 7. Bb3 d6 8. c3 0-0 9. h3 h6 10. d4 Re8 11. Nbd2 Bf8 12. Bc2 Bb7 13. a3 Nb8 14. Nf1 exd4 15. Qxd4 c5 16. Qd1 Nxe4 17. Bf4 Qf6 18. Bh2 Nd7 19. Qd3 c4 20. Qd4 Qxd4 21. Nxd4 Ndc5 22. Rad1 g6 23. Ne3 Nf6 24. Ne2 Rad8 25. Rd2 Be4 26. Red1 Bd3 27. Bxd3 Nxd3 28. Nf4 Ne4 29. Rc2 Nec5 30. Nxd3 Nxd3 31. Nd5 Kg7 32. Nc7 Re7 33. Nxa6 Rde8 34. Bg3 Re2 35. Rcd2 Nxb2 36. Rxe2 Rxe2 37. Rd5 Na4 38. Rxb5 Nxc3 39. Ra5 Ne4 40. Rd5 c3 41. Rd1 c2 42. Rc1 Nxg3 43. fxg3 Rd2 44. Kh2 d5 45. Nb4 Bxb4 46. axb4 d4 47. b5 d3 48. b6 Re2 0-1

[Event "Toronto NAYCC U14 Girls"]
[Site "Toronto"]
[Date "2013.08.15"]
[Round "2"]
[White "Tao, Rachel Long Xin"]
[Black "Ding, Kimberly"]
[Result "0-1"]
[WhiteElo "1659"]
[BlackElo "2013"]
[PlyCount "92"]
[EventDate "2013.08.14"]
[EventType "swiss"]
[EventRounds "9"]
[EventCountry "CAN"]
[SourceTitle "EXT 2022"]
[Source "ChessBase"]
[SourceDate "2021.10.06"]
[SourceVersion "1"]
[SourceVersionDate "2021.10.06"]
[SourceQuality "1"]

1. e4 e6 2. d4 d5 3. exd5 exd5 4. Bd3 Bd6 5. h3 Ne7 6. Nf3 Bf5 7. 0-0 0-0 8. Re1 f6 9. Nc3 c6 10. Ne2 Bxd3 11. Qxd3 Ng6 12. Ng3 Qd7 13. Nf5 Na6 14. a3 Bc7 15. N3h4 Rae8 16. Bd2 Nxh4 17. Nxh4 Qd6 18. g3 Qd7 19. Qf5 Qf7 20. Rxe8 Rxe8 21. Re1 Bd6 22. Re3 Rxe3 23. Bxe3 Bf8 24. Qg4 Nc7 25. Nf5 Kh8 26. Bf4 Ne6 27. Nd6 Bxd6 28. Bxd6 f5 29. Qd1 Qg6 30. c3 Ng5 31. Kg2 Qxd6 32. Qh5 Qg6 33. Qxg6 hxg6 34. f3 Kg8 35. h4 Ne6 36. Kf2 Kf7 37. Ke3 Kf6 38. b4 f4+ 39. gxf4 Kf5 40. a4 a6 41. c4 Nxf4 42. b5 dxc4 43. bxc6 bxc6 44. Kd2 Nd5 45. a5 Kf4 46. Ke2 c3 0-1

[Event "Wch U14 Girls"]
[Site "Maribor"]
[Date "2012.11.16"]
[Round "9.18"]
[White "Rosales, Pierina"]
[Black "Ding, Kimberly"]
[Result "0-1"]
[WhiteElo "1834"]
[BlackElo "1999"]
[PlyCount "64"]
[EventDate "2012.11.08"]
[EventType "swiss"]
[EventRounds "11"]
[EventCountry "SLO"]
[SourceTitle "EXT 2013"]
[Source "ChessBase"]
[SourceDate "2012.11.22"]
[SourceVersion "1"]
[SourceVersionDate "2012.11.22"]
[SourceQuality "1"]

1. d4 Nf6 2. c4 g6 3. Nc3 Bg7 4. e4 d6 5. Be2 0-0 6. Bg5 Na6 7. Qd2 c6 8. f3 Nc7 9. g4 Ne6 10. Be3 Nd7 11. d5 Nec5 12. Bd4 Ne5 13. h3 Ned3+ 14. Bxd3 Bxd4 15. Bc2 Bg7 16. Nge2 cxd5 17. cxd5 Bd7 18. Nd4 Rc8 19. Rh2 b5 20. Kf1 Qb6 21. Rd1 b4 22. Nce2 e5 23. Nb3 f5 24. Kg2 fxe4 25. fxe4 Nxb3 26. axb3 Rf2+ 27. Kh1 Rxh2+ 28. Kxh2 Qf2+ 29. Kh1 Bb5 30. Ng1 Rxc2 31. Qxf2 Rxf2 32. Ra1 Bd3 0-1

[Event "Wch U14 Girls"]
[Site "Maribor"]
[Date "2012.11.14"]
[Round "7.14"]
[White "Dakhundaridze, Nino"]
[Black "Ding, Kimberly"]
[Result "1-0"]
[WhiteElo "1652"]
[BlackElo "1999"]
[PlyCount "69"]
[EventDate "2012.11.08"]
[EventType "swiss"]
[EventRounds "11"]
[EventCountry "SLO"]
[SourceTitle "EXT 2013"]
[Source "ChessBase"]
[SourceDate "2012.11.22"]
[SourceVersion "1"]
[SourceVersionDate "2012.11.22"]
[SourceQuality "1"]

1. e4 e6 2. d4 d5 3. Nd2 Nf6 4. e5 Nfd7 5. Bd3 c5 6. c3 Nc6 7. Ne2 cxd4 8. cxd4 f6 9. Nf4 Nxd4 10. Qh5+ Ke7 11. exf6+ Nxf6 12. Ng6+ hxg6 13. Qxh8 Kf7 14. 0-0 e5 15. Nb3 Nxb3 16. axb3 Be6 17. Bg5 e4 18. Bc2 Rc8 19. Rac1 Qb6 20. Qh4 Qd4 21. Bb1 Rxc1 22. Bxc1 Bd6 23. Qg5 Qb6 24. Bf4 Be7 25. Qg3 d4 26. Bg5 d3 27. Qf4 Bd6 28. Qh4 Qxb3 29. Bxf6 d2 30. Qxe4 Bf5 31. Qd4 Bf4 32. Bxf5 gxf5 33. Bxg7 Qc2 34. Qd7+ Kg6 35. Bc3 1-0

[Event "Wch U14 Girls"]
[Site "Maribor"]
[Date "2012.11.12"]
[Round "5.1"]
[White "Ding, Kimberly"]
[Black "Bykovtsev, Agata"]
[Result "0-1"]
[WhiteElo "1999"]
[BlackElo "1944"]
[PlyCount "104"]
[EventDate "2012.11.08"]
[EventType "swiss"]
[EventRounds "11"]
[EventCountry "SLO"]
[SourceTitle "EXT 2013"]
[Source "ChessBase"]
[SourceDate "2012.11.22"]
[SourceVersion "1"]
[SourceVersionDate "2012.11.22"]
[SourceQuality "1"]

1. e4 c5 2. Nf3 d6 3. d4 cxd4 4. Nxd4 Nf6 5. Nc3 a6 6. Bg5 e6 7. f4 Be7 8. Qe2 h6 9. Bxf6 Bxf6 10. 0-0-0 Nd7 11. f5 Qe7 12. Kb1 0-0 13. Qf2 Ne5 14. Be2 Nc6 15. Nb3 Bxc3 16. bxc3 exf5 17. exf5 Qf6 18. g4 Qxc3 19. h4 Nb4 20. Bf1 a5 21. Rh3 Qf6 22. a4 Bd7 23. Qg3 d5 24. Bd3 Nxd3 25. Qxd3 b5 26. Nc5 Be8 27. g5 Qb6 28. gxh6 bxa4+ 29. Ka1 Qxh6 30. Rg1 Qf6+ 31. c3 Kh8 32. h5 Rb8 33. h6 g6 34. fxg6 fxg6 35. Re3 Rb6 36. Rge1 Bc6 37. Re6 Qf2 38. Qd4+ Qxd4 39. cxd4 Rfb8 40. Rxg6 Bb5 41. Rg5 Rxh6 42. Rxd5 Bc4 43. Rde5 Rh2 44. Re8+ Rxe8 45. Rxe8+ Kg7 46. Rb8 a3 47. Nb3 Rh1+ 48. Ka2 a4 49. Kxa3 axb3 50. Rc8 Ra1+ 51. Kb2 Ra2+ 52. Kb1 Bd3+ 0-1

[Event "Wch U14 Girls"]
[Site "Maribor"]
[Date "2012.11.09"]
[Round "2.10"]
[White "Ding, Kimberly"]
[Black "Camilia, Bt Johari"]
[Result "1-0"]
[WhiteElo "1999"]
[BlackElo "1817"]
[PlyCount "75"]
[EventDate "2012.11.08"]
[EventType "swiss"]
[EventRounds "11"]
[EventCountry "SLO"]
[SourceTitle "EXT 2013"]
[Source "ChessBase"]
[SourceDate "2012.11.22"]
[SourceVersion "1"]
[SourceVersionDate "2012.11.22"]
[SourceQuality "1"]

1. e4 c6 2. d4 d5 3. e5 Bf5 4. Nc3 e6 5. g4 Bg6 6. Nge2 h6 7. Nf4 Bh7 8. Bd3 Bxd3 9. Nxd3 Nd7 10. Be3 Qc7 11. f4 c5 12. Qd2 a6 13. dxc5 Nxc5 14. 0-0-0 0-0-0 15. Qf2 b6 16. a4 Nxd3+ 17. Rxd3 Bc5 18. a5 Bxe3+ 19. Qxe3 Qc5 20. Nxd5 Qxe3+ 21. Nxe3 Rxd3 22. cxd3 b5 23. Kc2 Ne7 24. Kc3 Rd8 25. Rd1 Nc6 26. d4 Nxa5 27. Kb4 Nb7 28. f5 Kc7 29. Ng2 Kb6 30. Nf4 exf5 31. gxf5 Na5 32. Rd3 Nc4 33. b3 Na5 34. d5 Nb7 35. d6 f6 36. e6 a5+ 37. Ka3 b4+ 38. Kb2 1-0

[Event "Wch U12 Girls"]
[Site "Caldas Novas"]
[Date "2011.11.20"]
[Round "3"]
[White "Kiolbasa, Oliwia"]
[Black "Ding, Kimberly"]
[Result "1-0"]
[WhiteElo "1741"]
[BlackElo "1976"]
[PlyCount "73"]
[EventDate "2011.11.18"]
[EventType "swiss"]
[EventRounds "9"]
[EventCountry "BRA"]
[SourceTitle "EXT 2013"]
[Source "ChessBase"]
[SourceDate "2012.11.22"]
[SourceVersion "1"]
[SourceVersionDate "2012.11.22"]
[SourceQuality "1"]

1. e4 c5 2. Nf3 Nc6 3. d4 cxd4 4. Nxd4 Nf6 5. Nc3 e5 6. Ndb5 d6 7. Be3 a6 8. Na3 b5 9. Nd5 Nxd5 10. exd5 Ne7 11. c4 bxc4 12. Nxc4 Ng6 13. Rc1 Be7 14. g3 0-0 15. Bg2 Rb8 16. 0-0 f5 17. Ba7 Rb7 18. Be3 f4 19. Bd2 Bg5 20. Ba5 Qf6 21. Rc3 Re7 22. Nd2 Rb7 23. Ne4 Qe7 24. Rc6 fxg3 25. hxg3 Bd7 26. Rc7 Rb5 27. b4 Rc8 28. Rxd7 Qxd7 29. Nxg5 Qe7 30. Bh3 Rf8 31. Be6+ Kh8 32. Nxh7 Nf4 33. Nxf8 Qg5 34. Qg4 Nxe6 35. Qxe6 e4 36. Qxe4 Kg8 37. Qe8 1-0

[Event "North American-ch U12 Girls"]
[Site "Montreal"]
[Date "2010.08.17"]
[Round "3"]
[White "Peng, Jackie"]
[Black "Ding, Kimberly"]
[Result "0-1"]
[WhiteElo "1563"]
[BlackElo "1864"]
[PlyCount "116"]
[EventDate "2010.08.16"]
[EventType "swiss"]
[EventRounds "7"]
[EventCountry "CAN"]
[SourceTitle "EXT 2013"]
[Source "ChessBase"]
[SourceDate "2012.11.22"]
[SourceVersion "1"]
[SourceVersionDate "2012.11.22"]
[SourceQuality "1"]

1. e4 e6 2. d4 d5 3. Nc3 Nf6 4. Bg5 Be7 5. e5 Nfd7 6. Bxe7 Qxe7 7. f4 a6 8. Nf3 c5 9. Bd3 Nc6 10. Be2 cxd4 11. Nxd4 Qb4 12. Nxc6 bxc6 13. Qd2 Qxb2 14. 0-0 Qb6+ 15. Kh1 Qc7 16. Rae1 0-0 17. Bd3 Nc5 18. g4 Nxd3 19. cxd3 f5 20. gxf5 Rxf5 21. Ne2 c5 22. d4 g6 23. dxc5 Qxc5 24. Nd4 Rf8 25. Rc1 Qe7 26. Rc3 Bb7 27. Rcf3 Rac8 28. Qg2 Rc4 29. Qg1 Kh8 30. Rd1 Re8 31. Rh3 Qf7 32. Qg5 Rec8 33. Qh6 Rc1 34. Rxc1 Rxc1+ 35. Kg2 Rc7 36. Nxe6 Qxe6 37. Qf8+ Qg8 38. Qf6+ Rg7 39. e6 Qe8 40. Kf2 Qe7 41. Qe5 h5 42. f5 Qg5 43. Qd6 Qxf5+ 44. Rf3 Qc2+ 45. Ke1 Qe4+ 46. Kf2 Qh4+ 47. Kf1 Qe7 48. Rf8+ Kh7 49. Qb8 g5 50. Rh8+ Kg6 51. Re8 Qf6+ 52. Ke1 Bc6 53. e7 Rxe7+ 54. Rxe7 Qxe7+ 55. Kd2 Qf6 56. Qg8+ Kh6 57. Qb8 Bb5 58. Qc8 d4 0-1